Egon Erwin Kisch : F.C. Weiskopf : Leben und Werk /

Main Author: Kisch, Egon Erwin, 1885-1948
Other Authors: Goldstücker, Eduard, 1913-2000
Language: German
Published: Berlin : Volk und Wissen, 1963
Series: Schriftsteller der Gegenwart
Physical Description: 159 s.
Book
Saved in:
LEADER 00998nam a22002652a 4500
001 000275666
003 CZ BrMZK
005 20140527081818.0
007 ta
008 980107s1963 gw f ger d
040 |a BOA001  |b cze 
100 1 |a Kisch, Egon Erwin,  |d 1885-1948  |7 jk01060211  |4 aut 
245 1 0 |a Egon Erwin Kisch :  |b F.C. Weiskopf : Leben und Werk /  |c Eduard Goldstücker ... [et al.] 
260 |a Berlin :  |b Volk und Wissen,  |c 1963 
300 |a 159 s. 
490 1 |a Schriftsteller der Gegenwart ;  |v nr. 11 
700 1 |a Goldstücker, Eduard,  |d 1913-2000  |7 jk01032520  |4 aut 
830 0 |a Schriftsteller der Gegenwart 
910 |a BOA001  |b PK-0033.871  |b 2-0505.410 
920 |a 000371950 
964 |a Kisch, Egon Erwin - život a dílo 
964 |a Weiskopf, Franz Carl - život a dílo 
990 |a BK 
996 7 |b 2619813310  |c 2-0505.410  |l HP2  |r DEN  |n 11  |w 000275666  |u 000020  |a 1  |e BOA001  |j MZK50  |s A 
996 7 |b 3119916208  |c PK-0033.871  |l MZK  |r Sklad / do 1 hodiny  |n 6  |w 000275666  |u 000010  |a 1  |e BOA001  |j MZK50  |s A